UBT Library

COSMIC WORMHOLES (Record no. 60354)

000 -LEADER
fixed length control field 00310nam a22001457a 4500
008 - FIXED-LENGTH DATA ELEMENTS--GENERAL INFORMATION
fixed length control field 230913b ||||| |||| 00| 0 eng d
020 ## - INTERNATIONAL STANDARD BOOK NUMBER
International Standard Book Number 9780525934776
041 ## - LANGUAGE CODE
Language code of text/sound track or separate title eng
080 ## - UNIVERSAL DECIMAL CLASSIFICATION NUMBER
Universal Decimal Classification number 521
082 ## - DEWEY DECIMAL CLASSIFICATION NUMBER
Classification number 521HAL
100 ## - Rafti
Rafti 19
101 ## - Shkurtesa
Shkurtesa ASTRO
245 ## - TITLE STATEMENT
Title COSMIC WORMHOLES
Statement of responsibility, etc HALPERN.P
942 ## - ADDED ENTRY ELEMENTS (KOHA)
Source of classification or shelving scheme
Item type Books
Holdings
Withdrawn status Lost status Source of classification or shelving scheme Damaged status Not for loan Collection code Permanent location Current location Date acquired Total Checkouts Full call number Barcode Date last seen Price effective from Koha item type
          Koleksioni i përgjithshem UBT - Lipjan UBT - Lipjan 09/13/2023   521HAL 002-800070287 09/13/2023 09/13/2023 Books
UBT Library © 2015-2024. All rights reserved University Education for Business and Technology